Statistieken voor De enige Amerikaanse Staat die ...

Klik hier om de quiz te nemen!

Algemene statistieken

  • Deze quiz is 90 keer genomen
  • De gemiddelde score is 8 van 22

Antwoordstatistieken

BeschrijvingStaat% Correct
Met de letter P begint?Pennsylvania
89%
Vroeger Russisch gebied was?Alaska
80%
Genoemd is naar een president?Washington
80%
Meer dan 40% Hispanic is?New Mexico
73%
Ruim 35 miljoen inwoners heeft?California
65%
Grenst aan vier Grote Meren?Michigan
65%
Met twee klinkers begint?Iowa
62%
Slechts aan één andere staat grenst?Maine
62%
Zich afscheurde van een andere staat?West Virginia
42%
Door zes andere landen werd bezet?Texas
35%
Prostitutie toelaat?Nevada
33%
Eindigt met een K?New York
25%
De geboortestaat is van acht presidenten?Virginia
18%
Water afvloeit in de Grote Oceaan, de Atlantische
Oceaan of de Hudson Baai?
Montana
13%
Een hoofdstad heeft met een
bevolking groter dan 1 miljoen?
Arizona
11%
Koffie verbouwd?Hawaii
9%
De zonnebloem als statelijke bloem heeft?Kansas
5%
Parochies heeft in plaats van provincies?Louisiana
5%
Het eenkamerstelsel gebruikt?Nebraska
5%
Een compleet onregelmatig inwonersnaam heeft?Indiana
4%
Niet voor Reagan gestemd heeft in 1984?Minnesota
4%
Een dubbelzijdige vlag heeft?Oregon
4%

Scoreverdeling

Percentiel versus Aantal Correcte Antwoorden

Procent van Mensen met Elke Score

Uw Scoregeschiedenis

U heeft deze quiz nog niet genomen